Une lettre suffit pour répondre juste #110 (attention 10 lettres tuent) - Statistiques

Statistiques générales
  • Ce quiz a été pris 49 fois
  • Le résultat moyen est 4 sur 6
Statistiques - réponses
Hint Réponse % Correct
Donne une des 5 lettres du prénom qu'ont en commun les deux actrices en photo : _ _ _ _ _
CHLOE (Chloë Stevens Sevigny et Chloë Grace Moretz)
100%
Donne une des 4 lettres qui complète le nom de l'émission TV correspondant à ce gif :
Burger _ _ _ _
QUIZ
86%
Donne une des 3 lettres qui complète le nom de la région d'Écosse ici en bleu marine : Ce_ _ _al
NTR (ceNTRal)
78%
Donne une des 2 lettres qui complète la locution latine signifiant « tardivement mais avec ferveur » : Sero _e_ serio SD (sero SeD serio)
39%
Donne (uniquement) la première lettre du mot manquant dans le titre de la chanson qu'interprête Claude François dans cet extrait : Si j’avais un _ _ _ _ _ _ _
M (Marteau)
31%
Donne la lettre doublée qui complète le nom de la plante célèbre pour posséder la plus grande vraie fleur au monde (ici en photo dans le Sumatra occidental) :
Ra_ _ lésie d'Arnold
F (raFFlesia arnoldii)
19%
Aucun quiz correspondant
Distribution des résultats
% des personnes avec chaque résultat
Percentile par nombre de réponses
Votre historique - résultats
Vous n’avez pas pris ce quiz